1550 1399 1687 1140 1963 1233 1032 1984 1146 1545 1671 1968 1329 1926 1234 1247 1041 1887 1262 1558 1881 1011 1140 1482 1316 1739 1011 1421 1724 1074 1903 1743 1969 1672 1657 1455 1020 1450 1462 1447 1959 1765 1893 1310 1533 1574 1706 1379 1947 1905 1281 1141 1827 1462 1524 1067 1094 1451 1017 1604 1145 1986 1495 1525 1417 1045 1790 2000 1780 1906 1371 1786 1805 1453 1998 1373 1234 1994 1724 1170 1948 1840 1404 1353 1301 1486 1231 1137 1508 1859 1646 1649 1591 1609 1159 1456 1997 1844 1133 BCNSPRNW ULIB Ver.6.0+V

เปลี่ยนเป็นภาษาไทย

Change to English
 แสดงรายละเอียดบรรณานุกรม
  กลับหน้าหลัก

Brief Record : Get Marc (ISO 2709) : E-mail record : QR code < ปิดหน้าต่าง
LEADER : 00000nam 2200000uu 4500
001    13399126243
003     ULIB
008    180827s2561||||th 000 0 tha d
020    ^a9786168035368
060    ^aWI100 M294
245    ^aManual of gastroenterology
250    ^aพิมพ์ครั้งที่ 1
260    ^aกรุงเทพฯ :^bโครงการตำราอายุรศาสตร์วิทยาลัยแพทยศาสตร์พระมงกุฎเกล้า,^c2561
300    ^a376 หน้า^bภาพประกอบ
650    ^aGastroenterology
650    ^aโรคระบบทางเดินอาหาร
650    ^aโรคตับ
650    ^aระบบทางเดินอาหารและตับ
700 0  ^aศักรินทร์ จิรพงศธร และชัยพิชิต พุทธาพิทักษ์พงศ์
945    ^p300^l0^i004809
945    ^p300^l0^i004808
945    ^p300^l0^i004366
945    ^p300^l0^i004367
945    ^p300^l0^i004368
999    ^aประนอม เกษจรัล
รายการนี้ยังไม่มีแท็ก
คุณยังไม่ได้ล็อกอิน คุณสามารถมีกิจกรรมร่วมกับเว็บไซต์ได้ แต่ต้องล็อกอินก่อน ::
  ล็อกอิน

รายการสื่อสารสนเทศ

ลำดับที่ ประเภท เลขเรียก/บาร์โค้ด สถานที่ สถานะ
1. วิทยาศาสตร์การแพทย์ และสุขภาพ
หนังสือสำรอง
สถานะ=หนังสือสำรอง
WI100 M294 ฉ.1 
  Barcode: 004366
ห้องสมุดวิทยาเขตสวรรค์ประชารักษ์
►หนังสือทั่วไป
บนชั้น
2. วิทยาศาสตร์การแพทย์ และสุขภาพ
วิทยาศาสตร์การแพทย์ และสุขภาพ
WI100 M294 ฉ.2 
  Barcode: 004367
ห้องสมุดวิทยาเขตสวรรค์ประชารักษ์
►หนังสือทั่วไป
บนชั้น
3. วิทยาศาสตร์การแพทย์ และสุขภาพ
วิทยาศาสตร์การแพทย์ และสุขภาพ
WI100 M294 ฉ.3 
  Barcode: 004368
ห้องสมุดวิทยาเขตสวรรค์ประชารักษ์
►หนังสือทั่วไป
บนชั้น
4. วิทยาศาสตร์การแพทย์ และสุขภาพ
วิทยาศาสตร์การแพทย์ และสุขภาพ
WI100 M294 ฉ.4 
  Barcode: 004808
ห้องสมุดวิทยาเขตสวรรค์ประชารักษ์
►หนังสือทั่วไป
บนชั้น
5. วิทยาศาสตร์การแพทย์ และสุขภาพ
วิทยาศาสตร์การแพทย์ และสุขภาพ
WI100 M294 ฉ.5 
  Barcode: 004809
ห้องสมุดวิทยาเขตสวรรค์ประชารักษ์
►หนังสือทั่วไป
บนชั้น

รายการใกล้เคียง
    ชื่อเรื่อง [Manual of gastroenterology]

    หัวเรื่อง [Gastroenterology]
    หัวเรื่อง [โรคระบบทางเดินอาหาร]
    หัวเรื่อง [โรคตับ]
    หัวเรื่อง [ระบบทางเดินอาหารและตับ]

BibComment


ยังไม่เคยถูกคอมเมนท์

คอมเมนท์ทรัพยากรรายการนี้
  คอมเมนท์: Manual of gastro..


 Copyright 2026. Bcnsprnw @Library